[Event "1st Grand Europe Open"]
[Site "Golden Sands BUL"]
[Date "2012.06.08"]
[Round "5.29"]
[White "Mammadov, Zaur"]
[Black "Parligras, Mircea-Emilian"]
[Result "0-1"]
[WhiteTitle "IM"]
[BlackTitle "GM"]
[WhiteElo "2393"]
[BlackElo "2622"]
[WhiteFideId "13401033"]
[BlackFideId "1204297"]
[EventDate "2012.06.04"]
[EventType "swiss"]

1. e4 c6 2. c4 d5 3. exd5 cxd5 4. cxd5 Nf6 5. Bb5+ Nbd7 6. Nc3 g6 7. d4 Bg7 8.
d6 exd6 9. Qe2+ Qe7 10. Bf4 d5 11. Bd6 Qxe2+ 12. Ngxe2 a6 13. Ba4 b5 14. Bb3 Bb7
15. O-O Nb6 16. Nf4 O-O-O 17. Be5 Ne8 18. Bxg7 Nxg7 19. Bd1 Kc7 20. Rc1 Kd6 21.
Nd3 Nf5 22. Ne2 Rhe8 23. b3 Nd7 24. g4 Nh4 25. Ng3 Rc8 26. Rxc8 Rxc8 27. Re1 a5
28. a3 Ba6 29. g5 Rc3 30. Nb2 b4 31. axb4 axb4 32. Bg4 Rxb3 33. Ra1 Ra3 34. Rb1
Nb6 35. Nf1 Nc4 36. Nd1 b3 37. h3 Na5 38. Nd2 Bd3 39. Rb2 Bc2 40. Ne3 Bd3 41.
Nd1 Nf5 42. Bxf5 Bxf5 43. Nc3 Kc6 44. Kh2 Bc2 45. Kg3 Nc4 46. Nxc4 dxc4 47. Kf4
Ra1 48. Ke5 Re1+ 49. Kf6 Rf1 50. Ke7 Re1+ 51. Kxf7 Kd6 52. Kg8 Rh1 53. Nb5+ Kd5
54. Na3 c3 55. Rxc2 bxc2 56. Nxc2 Rxh3 57. Kg7 Rh2 0-1

[Event "1st Grand Europe Open"]
[Site "Golden Sands BUL"]
[Date "2012.06.08"]
[Round "5.31"]
[White "Nevednichy, Vladislav"]
[Black "L'Ami, Alina"]
[Result "1-0"]
[WhiteTitle "GM"]
[BlackTitle "WGM"]
[WhiteElo "2553"]
[BlackElo "2383"]
[WhiteFideId "1205730"]
[BlackFideId "1210246"]
[EventDate "2012.06.04"]
[EventType "swiss"]

1. e4 c5 2. Nf3 d6 3. Bc4 Nf6 4. d3 Nc6 5. c3 g6 6. h3 Bg7 7. O-O O-O 8. Bb3 b5
9. d4 cxd4 10. cxd4 d5 11. e5 Ne4 12. Nc3 Nxc3 13. bxc3 a5 14. Bf4 Ba6 15. Qd2
a4 16. Bc2 b4 17. Rfb1 bxc3 18. Qxc3 Bc4 19. Qe3 Qa5 20. a3 Nd8 21. Rb4 Bb5 22.
Rab1 Bc6 23. Qd2 Ne6 24. Be3 f5 25. exf6 exf6 26. h4 f5 27. Bh6 Bxh6 28. Qxh6
Qc7 29. Re1 Bd7 30. Bxa4 Rxa4 31. Rxa4 Bxa4 32. Rxe6 Rc8 33. Re1 Bc2 34. Ng5 Be4
35. f3 Bd3 36. Re5 Rb8 37. Kh2 Qd7 38. Ne6 Bc4 39. h5 Qf7 40. a4 Qf6 41. Kg3 Re8
42. hxg6 hxg6 43. Nf4 Rxe5 44. dxe5 Qxe5 45. Qxg6+ Kf8 46. Qe6 Qxe6 47. Nxe6+
Ke7 48. Nd4 Kd6 49. Kf4 Kc5 50. Ke5 Bd3 51. g3 1-0

[Event "1st Grand Europe Open"]
[Site "Golden Sands BUL"]
[Date "2012.06.08"]
[Round "5.32"]
[White "Kashlinskaya, Alina"]
[Black "Sethuraman, S.P."]
[Result "0-1"]
[WhiteTitle "WGM"]
[BlackTitle "GM"]
[WhiteElo "2372"]
[BlackElo "2546"]
[WhiteFideId "4198026"]
[BlackFideId "5021596"]
[EventDate "2012.06.04"]
[EventType "swiss"]

1. d4 d5 2. c4 c6 3. Nf3 Nf6 4. e3 g6 5. Nc3 Bg7 6. Be2 O-O 7. O-O dxc4 8. Bxc4
Nbd7 9. h3 c5 10. Qe2 a6 11. a4 cxd4 12. exd4 Nb6 13. Bb3 Nbd5 14. Bg5 Be6 15.
Bxf6 Bxf6 16. Ne4 Bg7 17. Nc5 Nf4 18. Qe4 Bxb3 19. Nxb3 Nd5 20. Nc5 b6 21. Nd3
e6 22. Rfc1 Rc8 23. Nde5 Qe7 24. Qe2 Qb7 25. Qd2 Rfd8 26. h4 Ne7 27. Rxc8 Rxc8
28. Rc1 Rd8 29. Qc3 Rc8 30. Qd2 Nf5 31. Rxc8+ Qxc8 32. g4 Nd6 33. Qc3 Qxc3 34.
bxc3 b5 35. a5 Ne4 36. c4 bxc4 37. Nxc4 Nc3 38. Kg2 Nb5 39. h5 gxh5 40. gxh5
Nxd4 41. Ng5 f5 42. Nb6 h6 43. Nh3 Nc6 44. Nf4 Kf7 45. Nd3 Nxa5 46. Nb4 Bd4 47.
Na8 Nc4 48. Nxa6 Nd6 49. N8c7 Bb6 50. Na8 Bd8 51. Nb4 Ke8 52. Nc6 Nc4 53. f4 Kd7
54. Nd4 Kd6 55. Kf3 Kd5 56. Nb5 Kc6 57. Nd4+ Kd6 58. Ke2 Kd7 59. Kd3 Nd6 60. Ke3
Ne4 61. Nf3 Kc8 62. Nd4 Nc5 63. Nc6 Bf6 64. Na5 Nd7 65. Nc4 Kb7 0-1

[Event "1st Grand Europe Open"]
[Site "Golden Sands BUL"]
[Date "2012.06.08"]
[Round "5.34"]
[White "Erturan, Yakup"]
[Black "Salem, A.R. Saleh"]
[Result "1/2-1/2"]
[WhiteTitle "IM"]
[BlackTitle "GM"]
[WhiteElo "2370"]
[BlackElo "2528"]
[WhiteFideId "6301410"]
[BlackFideId "9301348"]
[EventDate "2012.06.04"]
[EventType "swiss"]

1. e4 c5 2. Nf3 Nc6 3. Bb5 e6 4. O-O Nge7 5. c3 d5 6. exd5 Qxd5 7. d4 cxd4 8. c4
Qd6 9. Qxd4 Qxd4 10. Nxd4 Bd7 11. Nxc6 Bxc6 12. Nc3 Rc8 13. b3 Nf5 14. Bb2 Bxb5
15. Nxb5 Bc5 16. Rfd1 h5 17. Nd4 Bxd4 1/2-1/2

[Event "1st Grand Europe Open"]
[Site "Golden Sands BUL"]
[Date "2012.06.08"]
[Round "5.35"]
[White "Al-Sayed, Mohammed"]
[Black "Spassov, Liuben"]
[Result "0-1"]
[WhiteTitle "GM"]
[BlackTitle "GM"]
[WhiteElo "2525"]
[BlackElo "2353"]
[WhiteFideId "12100196"]
[BlackFideId "2900220"]
[EventDate "2012.06.04"]
[EventType "swiss"]

1. d4 Nf6 2. c4 e6 3. Nc3 Bb4 4. Qc2 O-O 5. a3 Bxc3+ 6. Qxc3 Qe8 7. Qc2 d6 8.
Nf3 a5 9. b3 b6 10. Bb2 Bb7 11. e3 Ne4 12. d5 exd5 13. cxd5 Bxd5 14. Qxc7 Qc6
15. Rc1 Qxc7 16. Rxc7 Nc5 17. Nd4 g6 18. Bb5 Nba6 19. Re7 Rfc8 20. e4 Nxe4 21.
Bxa6 Rxa6 22. O-O Kf8 0-1

[Event "1st Grand Europe Open"]
[Site "Golden Sands BUL"]
[Date "2012.06.08"]
[Round "5.36"]
[White "Hassan, Abdullah"]
[Black "Chirila, Ioan-Cristian"]
[Result "1/2-1/2"]
[WhiteTitle "IM"]
[BlackTitle "GM"]
[WhiteElo "2356"]
[BlackElo "2521"]
[WhiteFideId "9300481"]
[BlackFideId "1211668"]
[EventDate "2012.06.04"]
[EventType "swiss"]

1. d4 Nf6 2. Nf3 g6 3. g3 Bg7 4. Bg2 O-O 5. O-O d6 6. c4 Nc6 7. Nc3 Bf5 8. d5
Na5 9. Nd4 Bd7 10. b3 c5 11. dxc6 bxc6 12. e3 Rb8 13. Rb1 Qc8 14. Re1 Rd8 15.
Bb2 Bh3 16. Bh1 e5 17. Nc2 Be6 18. e4 Nb7 19. Ba3 Nc5 20. Bxc5 dxc5 21. Qe2 Bh6
22. Red1 Qc7 23. Rxd8+ Rxd8 24. Rd1 Qa5 25. Rxd8+ Qxd8 26. Qd1 Qa5 27. Qd3 Nd7
28. Na4 Nb6 29. Qc3 Qxc3 30. Nxc3 Bc1 31. Nd1 Kf8 32. Ne1 Nd7 33. Nd3 Bh6 34. f4
Ke7 35. Ne3 f6 36. Kf2 Kd6 37. Bf3 exf4 1/2-1/2

[Event "1st Grand Europe Open"]
[Site "Golden Sands BUL"]
[Date "2012.06.08"]
[Round "5.37"]
[White "Bykov, Alexey1"]
[Black "Berescu, Alin-Mile"]
[Result "0-1"]
[WhiteTitle "FM"]
[BlackTitle "GM"]
[WhiteElo "2346"]
[BlackElo "2516"]
[WhiteFideId "4165365"]
[BlackFideId "1204920"]
[EventDate "2012.06.04"]
[EventType "swiss"]

1. d4 d5 2. Nf3 e6 3. c4 c6 4. Qc2 Nf6 5. Bg5 h6 6. Bf4 dxc4 7. Qxc4 b5 8. Qc2
Bb7 9. Nbd2 Nbd7 10. Nb3 Rc8 11. Nc5 Nxc5 12. dxc5 Nd7 13. Be3 Qa5+ 14. Nd2 Rd8
15. a3 Nxc5 16. b4 Qa4 17. Rc1 Qxc2 18. Rxc2 Nd7 19. Nb3 a6 20. Ba7 Ra8 21. Be3
Rc8 22. f4 c5 23. Nxc5 Bxc5 24. bxc5 Ke7 25. Bd4 f6 26. e3 Be4 27. Rc1 Rc6 28.
Kf2 Rhc8 29. Be2 Nxc5 30. Rc3 Bd5 31. Rcc1 Be4 32. Bc3 Bd5 33. Bb4 Kf7 0-1

[Event "1st Grand Europe Open"]
[Site "Golden Sands BUL"]
[Date "2012.06.08"]
[Round "5.38"]
[White "Dimitrov, Pavel"]
[Black "Simonian, Hrair"]
[Result "1/2-1/2"]
[WhiteTitle "IM"]
[BlackTitle "GM"]
[WhiteElo "2323"]
[BlackElo "2475"]
[WhiteFideId "2907470"]
[BlackFideId "13302337"]
[EventDate "2012.06.04"]
[EventType "swiss"]

1. e4 c6 2. d4 d5 3. Nc3 dxe4 4. Nxe4 Bf5 5. Ng3 Bg6 6. Nf3 Nd7 7. h4 h6 8. h5
Bh7 9. Bd3 Bxd3 10. Qxd3 e6 11. Bd2 Ngf6 12. O-O-O Be7 13. Ne4 Nxe4 14. Qxe4 Nf6
15. Qe2 Qd5 16. c4 Qe4 17. Qxe4 Nxe4 18. Be3 O-O 19. Ne5 Rac8 20. g4 Rfd8 21. f3
Nd6 22. b3 b5 23. c5 Ne8 24. f4 Nf6 25. g5 Nd5 26. Bd2 f6 27. Ng4 fxg5 28. fxg5
hxg5 29. h6 Nf6 30. Bxg5 Nxg4 31. Bxe7 Re8 32. hxg7 Nf2 33. Bf6 Nxh1 34. Rxh1
Kf7 35. Be5 Rg8 36. Rf1+ Ke8 37. Kd2 Rd8 38. Ke3 Rd7 39. Rf6 Re7 40. Rg6 Kf7 41.
Rg1 b4 42. Ke4 Ke8 43. Rg2 Rf7 44. Rg6 Ke7 45. Bd6+ Kd7 46. Bf8 Rf1 47. Rh6 Re1+
48. Kd3 Ke8 49. Kd2 Re4 50. Kd3 Re1 51. Kd2 Re4 52. d5 exd5 53. Rxc6 Kd7 54. Ra6
Rg4 55. Rxa7+ Kc6 56. Ra6+ Kb7 57. Rd6 R8xg7 58. Bxg7 Rxg7 59. Kd3 Rg2 60. Kd4
Rd2+ 61. Ke5 Kc7 62. Rb6 Rd1 63. Rd6 Rd2 64. Ra6 Kb7 65. Rd6 Kc7 1/2-1/2

[Event "1st Grand Europe Open"]
[Site "Golden Sands BUL"]
[Date "2012.06.08"]
[Round "5.40"]
[White "Solozhenkin, Evgeniy"]
[Black "Qashashvili, Alexandre"]
[Result "1/2-1/2"]
[WhiteTitle "GM"]
[BlackTitle "IM"]
[WhiteElo "2472"]
[BlackElo "2299"]
[WhiteFideId "4102266"]
[BlackFideId "13600842"]
[EventDate "2012.06.04"]
[EventType "swiss"]

1. e4 c5 2. Nf3 d6 3. d4 cxd4 4. Nxd4 Nf6 5. Nc3 Nc6 6. Bc4 Qb6 7. Ndb5 a6 8.
Be3 Qa5 9. Nd4 e6 10. O-O Be7 11. Bb3 O-O 12. f4 Nxd4 13. Bxd4 e5 14. Be3 Ng4
15. Qf3 Nxe3 16. Qxe3 exf4 17. Qxf4 Qc5+ 18. Kh1 Be6 19. Rad1 Qe5 20. Nd5 Bg5
21. Qxe5 dxe5 22. h3 Rad8 23. Kh2 h5 24. g3 h4 25. Nf4 Bg4 26. Nd5 Be6 27. g4 g6
28. Rd3 Kg7 29. Rfd1 f5 30. Nc7 Bc8 31. Rxd8 Bxd8 32. Ne6+ Bxe6 33. Bxe6 fxe4
34. Kg2 Bb6 35. Rf1 Rd8 36. Rf7+ Kh6 37. Rd7 Rf8 38. Rf7 Rd8 1/2-1/2

[Event "1st Grand Europe Open"]
[Site "Golden Sands BUL"]
[Date "2012.06.08"]
[Round "5.41"]
[White "Melashvili, Nino"]
[Black "Wan, Yunguo"]
[Result "0-1"]
[WhiteTitle "WIM"]
[WhiteElo "2158"]
[BlackElo "2456"]
[WhiteFideId "13600397"]
[BlackFideId "8603189"]
[EventDate "2012.06.04"]
[EventType "swiss"]

1. Nf3 Nf6 2. d4 b5 3. Bf4 Bb7 4. e3 a6 5. Bd3 e6 6. Nbd2 c5 7. c3 d5 8. O-O
Nbd7 9. Qe2 Be7 10. h3 O-O 11. Ne5 b4 12. Rac1 Qb6 13. g4 Nxe5 14. Bxe5 Nd7 15.
Bg3 a5 16. Nf3 Ba6 17. Bxa6 Qxa6 18. Qxa6 Rxa6 19. c4 dxc4 20. dxc5 c3 21. bxc3
Nxc5 22. cxb4 axb4 23. Rc4 Na4 24. Nd4 Nb6 25. Rc6 Rfa8 26. Rfc1 h6 27. Nb5 Nd5
28. Rxa6 Rxa6 29. Rc8+ Kh7 30. Rc2 Ra5 31. Nd4 Bf6 32. Nc6 Ra3 33. e4 Nc3 34.
Bd6 Nxa2 35. Nxb4 Nxb4 36. Bxb4 Rxh3 37. Kg2 Rh4 38. Kg3 g5 39. Bc3 Bxc3 40.
Rxc3 h5 41. f3 hxg4 42. fxg4 Rh1 43. Re3 Rf1 44. Re2 Rf4 45. e5 Ra4 46. Re3 Kg7
47. Kf3 Kf8 48. Rb3 Ra5 49. Ke4 Ra1 50. Kf3 Ra8 51. Ke3 Ke8 52. Kf3 Rc8 53. Ke3
Kd7 54. Rb7+ Rc7 55. Rb3 Rc4 56. Kf3 Rf4+ 57. Kg3 Re4 58. Rb5 Kc6 59. Ra5 Kb6
60. Ra8 Re3+ 61. Kf2 Rxe5 62. Rf8 f5 63. Rg8 f4 64. Rc8 Rc5 65. Re8 e5 66. Kf3
Rc3+ 67. Ke4 Re3+ 68. Kf5 f3 69. Kxg5 f2 70. Rf8 Re2 71. Kh4 e4 72. g5 e3 0-1

[Event "1st Grand Europe Open"]
[Site "Golden Sands BUL"]
[Date "2012.06.08"]
[Round "5.42"]
[White "Smirnov, Artem"]
[Black "Foisor, Mihaela-Veronica"]
[Result "1-0"]
[WhiteTitle "IM"]
[BlackTitle "WFM"]
[WhiteElo "2432"]
[BlackElo "2244"]
[WhiteFideId "4143256"]
[BlackFideId "2270757"]
[EventDate "2012.06.04"]
[EventType "swiss"]

1. e4 e6 2. d3 d5 3. Nd2 c5 4. Ngf3 Bd6 5. g3 Nc6 6. Bg2 Nge7 7. O-O O-O 8. Re1
Qc7 9. c3 f6 10. a3 d4 11. cxd4 cxd4 12. b4 e5 13. Nc4 Be6 14. Bd2 b5 15. Nxd6
Qxd6 16. Nh4 g5 17. Nf3 Ng6 18. h4 h6 19. Rc1 Rac8 20. Rc5 a6 21. Nh2 Qd7 22.
Bf3 Kg7 23. Bg4 Nce7 24. Rxc8 Rxc8 25. Rf1 gxh4 26. Bxe6 Qxe6 27. Qh5 Rh8 28.
Ng4 f5 29. Bxh6+ Kf7 30. f4 exf4 31. Rxf4 Kg8 32. exf5 Qe1+ 33. Rf1 Qxg3+ 34.
Kh1 Qh3+ 35. Nh2 Qxd3 36. fxg6 Qe4+ 37. Kg1 Qe3+ 38. Bxe3 Rxh5 39. Bxd4 Rg5+ 40.
Kf2 Nf5 41. Nf3 Rg4 42. Be5 h3 43. Rh1 Rg2+ 44. Ke1 Rxg6 45. Rxh3 Rg2 46. Nd4 1-0

[Event "1st Grand Europe Open"]
[Site "Golden Sands BUL"]
[Date "2012.06.08"]
[Round "5.43"]
[White "Firat, Burak"]
[Black "AlHuwar, Jasem"]
[Result "1/2-1/2"]
[WhiteTitle "IM"]
[BlackTitle "FM"]
[WhiteElo "2428"]
[BlackElo "2270"]
[WhiteFideId "6305881"]
[BlackFideId "9300465"]
[EventDate "2012.06.04"]
[EventType "swiss"]

1. e4 e6 2. d4 d5 3. Nc3 dxe4 4. Nxe4 Nd7 5. Nf3 Ngf6 6. Nxf6+ Nxf6 7. c3 c5 8.
Ne5 a6 9. Be3 Qc7 10. Qa4+ Nd7 11. Bb5 cxd4 12. cxd4 Rb8 13. Bxd7+ Bxd7 14. Qb3
Bd6 15. Nxd7 Qxd7 16. O-O O-O 17. Rfd1 Rfd8 18. Rd3 Be7 1/2-1/2

[Event "1st Grand Europe Open"]
[Site "Golden Sands BUL"]
[Date "2012.06.08"]
[Round "5.44"]
[White "Gutov, Andrey"]
[Black "Gavriilidis, Georgios"]
[Result "1-0"]
[WhiteTitle "GM"]
[WhiteElo "2421"]
[BlackElo "2135"]
[WhiteFideId "4130480"]
[BlackFideId "4206894"]
[EventDate "2012.06.04"]
[EventType "swiss"]

1. d4 Nf6 2. c4 g6 3. Nf3 Bg7 4. g3 O-O 5. Bg2 d6 6. Nc3 Nc6 7. O-O a6 8. Qd3 e5
9. dxe5 Nxe5 10. Nxe5 dxe5 11. Qxd8 Rxd8 12. Bg5 Re8 13. Nd5 Nxd5 14. cxd5 f6
15. Be3 Bf8 16. Rfc1 Bd6 17. Bc5 Bd7 18. Bxd6 cxd6 19. Rc7 Bb5 20. e4 Rac8 21.
Rac1 Rxc7 22. Rxc7 Bd3 23. f3 Rf8 24. Kf2 Rf7 25. Rc8+ Rf8 26. Rc7 Rf7 27. Rc8+
Rf8 28. Rc3 Bb1 29. a3 f5 30. Ke3 Kg7 31. g4 fxg4 32. fxg4 g5 33. Bf3 Rf7 34. b3
Kg6 35. Kd2 Rxf3 36. Rxf3 Bxe4 37. Rf8 Bxd5 38. Rd8 Bf3 39. Rxd6+ Kf7 40. Rd7+
Kg6 41. Ke3 Bxg4 42. Rxb7 Bc8 43. Rc7 Be6 44. Rc6 Kf5 45. b4 h5 46. Rxa6 g4 47.
Ra7 h4 48. Rh7 Kg5 49. b5 Bd5 50. b6 g3 51. hxg3 hxg3 52. b7 1-0

[Event "1st Grand Europe Open"]
[Site "Golden Sands BUL"]
[Date "2012.06.08"]
[Round "5.45"]
[White "Voiska, Margarita"]
[Black "Velikov, Petar"]
[Result "1/2-1/2"]
[WhiteTitle "WGM"]
[BlackTitle "GM"]
[WhiteElo "2301"]
[BlackElo "2416"]
[WhiteFideId "2900602"]
[BlackFideId "2900149"]
[EventDate "2012.06.04"]
[EventType "swiss"]

1. d4 d5 2. c4 c6 3. cxd5 cxd5 4. Nf3 Nc6 5. Nc3 Nf6 6. Bf4 Bf5 7. Rc1 e6 8. e3
Bd6 9. Bxd6 Qxd6 10. Bd3 Bxd3 11. Qxd3 O-O 12. O-O Rfc8 13. a3 Ne7 1/2-1/2

[Event "1st Grand Europe Open"]
[Site "Golden Sands BUL"]
[Date "2012.06.08"]
[Round "5.46"]
[White "Rathnakaran, K."]
[Black "Asparuhov, Parvan"]
[Result "1-0"]
[WhiteTitle "IM"]
[WhiteElo "2441"]
[BlackElo "2077"]
[WhiteFideId "5005507"]
[BlackFideId "2905647"]
[EventDate "2012.06.04"]
[EventType "swiss"]

1. e4 e5 2. Nf3 Nc6 3. Bc4 Nf6 4. d3 h6 5. c3 d6 6. h3 g6 7. Nbd2 Bg7 8. Bb3 O-O
9. g4 Qe7 10. Nf1 Be6 11. Ng3 Bxb3 12. Qxb3 Nd8 13. g5 hxg5 14. Bxg5 Qe6 15. Qc2
Nh7 16. Be3 Qf6 17. Nh2 Qh4 18. O-O-O Ne6 19. Rdg1 Nf4 20. Nf3 Qf6 21. h4 Kh8
22. h5 Nxd3+ 23. Qxd3 Qxf3 24. Qc4 g5 25. Nf5 Rad8 26. Qxc7 Qxe4 27. Nxd6 Qd5
28. Rd1 Qxa2 29. h6 Bf6 30. Qc4 Qxc4 31. Nxc4 b6 32. Kc2 Kg8 33. Rhg1 Rfe8 34.
Nd6 Re6 35. Nf5 Ree8 36. Ra1 Rd7 37. Ra4 Bd8 38. Rd1 Rxd1 39. Kxd1 a5 40. Rc4
Nf8 41. Rc8 Ne6 42. Bxb6 Rf8 43. Bc5 Nxc5 44. Rxc5 f6 45. Ke2 Kh7 46. Kf3 Kg6
47. Ng3 Bb6 48. Rb5 Bxf2 49. Rb7 1-0

[Event "1st Grand Europe Open"]
[Site "Golden Sands BUL"]
[Date "2012.06.08"]
[Round "5.47"]
[White "Spiridonov, Nikola"]
[Black "Enchev, Ivajlo"]
[Result "0-1"]
[WhiteTitle "GM"]
[BlackTitle "IM"]
[WhiteElo "2240"]
[BlackElo "2419"]
[WhiteFideId "2900238"]
[BlackFideId "2907712"]
[EventDate "2012.06.04"]
[EventType "swiss"]

1. Nf3 c5 2. g3 Nc6 3. Bg2 e5 4. O-O d5 5. c4 d4 6. e4 Be6 7. d3 Be7 8. Ne1 g5
9. f4 gxf4 10. gxf4 exf4 11. Bxf4 Nf6 12. Na3 a6 13. Nac2 Rg8 14. Kh1 Ng4 15.
Qd2 Bd6 16. Nf3 Qc7 17. Bxd6 Qxd6 18. Rae1 Nce5 19. Qf4 O-O-O 20. Nxe5 Nxe5 21.
Rd1 Rg4 22. Qh6 Rg6 23. Qf4 Rdg8 24. Rd2 Rg4 25. Qh6 Nxd3 26. Rxf7 R4g6 27. Qxh7
Bxf7 28. Qxf7 Rf8 29. e5 Rxf7 30. exd6 Rf2 31. Rxf2 Nxf2+ 32. Kg1 Ng4 33. Kf1 0-1

[Event "1st Grand Europe Open"]
[Site "Golden Sands BUL"]
[Date "2012.06.08"]
[Round "5.48"]
[White "Foisor, Cristina-Adela"]
[Black "Konijn, Bart"]
[Result "1-0"]
[WhiteTitle "IM"]
[WhiteElo "2417"]
[BlackElo "2211"]
[WhiteFideId "1200496"]
[BlackFideId "1016300"]
[EventDate "2012.06.04"]
[EventType "swiss"]

1. Nf3 Nf6 2. g3 d5 3. Bg2 Bg4 4. d3 c6 5. Nbd2 Nbd7 6. O-O e5 7. h3 Bh5 8. e4
Bd6 9. Qe2 Qe7 10. Rd1 O-O 11. g4 Bg6 12. Nh4 Nc5 13. Nf5 Bxf5 14. exf5 g6 15.
g5 Nh5 16. Nf1 Nf4 17. Bxf4 exf4 18. Qxe7 Bxe7 19. f6 Bd6 20. Nh2 Rfe8 21. Nf3
Na4 22. Rab1 Re2 23. Rdc1 Bc5 24. d4 Bd6 25. Bf1 Ree8 26. c3 Nb6 27. b3 Bc7 28.
h4 Rac8 29. c4 a6 30. c5 Nd7 31. b4 Nf8 32. a4 Ne6 33. b5 axb5 34. axb5 Ra8 35.
b6 Bb8 36. Ra1 Rxa1 37. Rxa1 Kf8 38. Bh3 Rd8 39. Kg2 Re8 40. Bg4 Rd8 41. Rh1 Re8
42. h5 Kg8 43. hxg6 hxg6 44. Ra1 Rd8 45. Ra8 Rf8 46. Nh4 Kh7 47. Bxe6 fxe6 48.
Kf3 1-0

[Event "1st Grand Europe Open"]
[Site "Golden Sands BUL"]
[Date "2012.06.08"]
[Round "5.50"]
[White "Koksal, Ege"]
[Black "Mollov, Ergin"]
[Result "1/2-1/2"]
[BlackTitle "IM"]
[WhiteElo "2200"]
[BlackElo "2394"]
[WhiteFideId "6317626"]
[BlackFideId "2900343"]
[EventDate "2012.06.04"]
[EventType "swiss"]

1. d4 e6 2. c4 Bb4+ 3. Nd2 c5 4. a3 Bxd2+ 5. Qxd2 cxd4 6. Nf3 Nf6 7. Nxd4 O-O 8.
e3 Nc6 9. b4 e5 10. Nxc6 dxc6 11. Qxd8 Rxd8 12. Bb2 Re8 13. Be2 Ne4 14. f3 Nd6
15. Rd1 Nf5 16. Kf2 f6 17. g4 Nh6 18. h4 Nf7 19. Rhg1 h6 20. f4 a5 21. b5 cxb5
22. cxb5 Be6 23. Bf3 Rac8 24. Rd2 Re7 25. g5 fxg5 26. hxg5 hxg5 27. fxg5 g6 28.
Be4 Bf5 29. Bd5 Be6 30. Be4 Bf5 31. Bd5 1/2-1/2

[Event "1st Grand Europe Open"]
[Site "Golden Sands BUL"]
[Date "2012.06.08"]
[Round "5.51"]
[White "Carmaciu, Lucian-Catalin"]
[Black "Mgeladze, Tamaz"]
[Result "1/2-1/2"]
[WhiteTitle "IM"]
[BlackTitle "FM"]
[WhiteElo "2388"]
[BlackElo "2195"]
[WhiteFideId "1209353"]
[BlackFideId "13601202"]
[EventDate "2012.06.04"]
[EventType "swiss"]

1. e4 c5 2. Nf3 g6 3. c3 Bg7 4. Be2 d6 5. O-O Nf6 6. d3 O-O 7. a3 c4 8. Bg5 cxd3
9. Bxd3 Nc6 10. h3 Be6 11. Nbd2 h6 12. Be3 d5 13. Nd4 Nxd4 14. Bxd4 Nxe4 15.
Bxg7 Kxg7 16. Nxe4 dxe4 17. Bxe4 Qb6 18. Qe2 Rfd8 19. Rad1 Rac8 20. Rfe1 Bc4 21.
Qf3 Qxb2 22. Rb1 Qxa3 23. Bxb7 Rc7 24. Qe3 Rdd7 25. Be4 Be6 26. Bxg6 Qxc3 27.
Be4 Qxe3 28. Rxe3 Rd4 29. Ra1 Rcc4 30. Bb7 Ra4 31. Rc1 Rab4 32. Bc8 Rdc4 33.
Rxc4 Bxc4 34. Rxe7 a5 35. Ra7 a4 36. Bd7 Rb1+ 37. Kh2 Bb3 38. g4 Ra1 39. Rb7 Re1
40. Ra7 Re7 41. Bxa4 Rxa7 42. Bxb3 Ra3 43. Bd5 Rd3 44. Bc4 Rd4 45. Bb3 Kf6 46.
Kg2 Rd7 47. f3 Ke5 48. Kg3 f6 49. Bc2 Rd4 50. Be4 Rd8 51. Bh7 Rh8 52. Bc2 Rd8
53. Bb1 Rh8 54. h4 Rb8 55. Bc2 Rb7 56. Be4 Rb2 57. Bg6 Rb3 58. Bc2 Ra3 59. Bg6
Rc3 60. Bh7 h5 1/2-1/2

[Event "1st Grand Europe Open"]
[Site "Golden Sands BUL"]
[Date "2012.06.08"]
[Round "5.54"]
[White "Arnaudov, Petar"]
[Black "Manea, Alexandru"]
[Result "0-1"]
[BlackTitle "IM"]
[WhiteElo "2154"]
[BlackElo "2375"]
[WhiteFideId "2901706"]
[BlackFideId "1207660"]
[EventDate "2012.06.04"]
[EventType "swiss"]

1. Nf3 c5 2. g3 g6 3. Bg2 Bg7 4. c4 Nc6 5. O-O Rb8 6. e3 d6 7. d4 Bd7 8. Nc3 Nf6
9. b3 O-O 10. Bb2 Qc8 11. d5 Na5 12. Nd2 a6 13. Qc2 b5 14. cxb5 axb5 15. Nce4
Nxe4 16. Nxe4 Bxb2 17. Qxb2 b4 18. Rfc1 Bh3 19. Nd2 Qd7 20. Rc2 Ra8 21. Re1 Rfe8
22. e4 Bxg2 23. Kxg2 e6 24. Rd1 exd5 25. exd5 Qf5 26. Nf3 Re4 27. Re2 Rae8 28.
Rxe4 Rxe4 29. Qd2 Re7 30. h4 f6 31. Re1 Rxe1 32. Nxe1 Nb7 33. Nf3 Qe4 34. Qf4
Qxf4 35. gxf4 f5 36. Nd2 Nd8 37. Nc4 Nf7 38. Kf3 Kg7 39. Ke3 Kf6 40. Kf3 Ke7 41.
Ke3 Nh6 42. Kf3 Ng8 43. Kg3 Nf6 44. Ne3 h6 45. Kf3 Kf7 46. Kg2 Nh5 0-1

[Event "1st Grand Europe Open"]
[Site "Golden Sands BUL"]
[Date "2012.06.08"]
[Round "5.55"]
[White "Shirazi, Kamran"]
[Black "Xylogiannopoulos, Antonios"]
[Result "1/2-1/2"]
[WhiteTitle "IM"]
[WhiteElo "2372"]
[BlackElo "2148"]
[WhiteFideId "2000733"]
[BlackFideId "4215133"]
[EventDate "2012.06.04"]
[EventType "swiss"]

1. e4 e5 2. Nc3 Nf6 3. Nf3 Nc6 4. a3 g6 5. d4 exd4 6. Nxd4 Bg7 7. Bc4 d6 8. O-O
O-O 9. Re1 Re8 10. Bg5 h6 11. Bh4 Nxd4 12. Qxd4 g5 13. Bg3 Nh5 14. Qd3 Nxg3 15.
Qxg3 Be5 16. Qf3 Be6 17. Bxe6 fxe6 18. Nd1 Rf8 19. Qe2 Qd7 20. c3 Rf7 21. Rf1
Raf8 22. Ne3 b5 23. a4 bxa4 24. Qa6 Rb8 25. Nc4 Qb5 26. Qxa7 Bg7 27. Rxa4 Rb7
28. Qa5 d5 29. Ne3 Qxa5 30. Rxa5 Rxb2 31. Ra6 d4 32. Nd1 Re2 33. Rxe6 dxc3 34.
Rc6 Rxe4 35. Nxc3 Bxc3 36. Rxc3 Re2 37. Rc5 Kg7 38. h4 gxh4 39. Rh5 Rf4 40. f3
Rc4 41. Kh2 Kg6 42. Ra5 Rcc2 43. Rg1 c5 44. Kh3 Kg5 45. Ra8 Kf4 46. Rh8 Re6 47.
Rf8+ Ke3 48. Re1+ Re2 49. Rc1 Rc6 50. Rd8 c4 51. Rc3+ Kf2 52. Rg8 Re3 53. Rc2+
Re2 54. Rc3 Re3 55. Rc2+ Re2 56. Rc3 Re3 57. Rc1 Re1 58. Rc2+ Re2 1/2-1/2